Statistics for US States by Literacy Rates

Click here to take the quiz!

General Stats

  • This quiz has been taken 32 times
  • The average score is 18 of 20

Answer Stats

Literacy RateAnswer% Correct
92.2%KKansas
100%
90.6%UUtah
100%
90.8%AAlaska
97%
92%IIndiana
97%
92.5%IIowa
97%
93.4%VVermont
97%
91.1%WWyoming
97%
90.9%OOhio
94%
91.5%RRhode Island
94%
93%SSouth Dakota
94%
92.6%MMaine
90%
94%MMinnesota
90%
92.75NNebraska
90%
93.7%NNorth Dakota
90%
92.7%WWisconsin
90%
91.4%CConnecticut
87%
94.2%NNew Hampshire
87%
91.2%MMontana
84%
92.5%MMissouri
81%
91.7%MMichigan
77%

Score Distribution

Percentile by Number Answered

Percent of People with Each Score

Your Score History

You have not taken this quiz